| 000 | 00645nam a2200193 i 4500 | ||
|---|---|---|---|
| 001 | 91354 | ||
| 003 | ES-MaACL | ||
| 005 | 20230906180713.0 | ||
| 007 | t| | ||
| 008 | 050128s1969 sp ||||1| spa d | ||
| 100 | 1 |
_aLevi, Sergio. _971956 |
|
| 245 | 1 | 0 |
_aProblemas del desarrollo, del nacimiento a la adolescencia / _cSergio Levi ; presentación de Alberto L. Merani ; [traducido por María Susana Merani]. |
| 250 | _a[1ª ed.]. | ||
| 260 |
_aBarcelona : _bGrijalbo, _c1969. |
||
| 300 |
_a377 p. : _bil. ; _c20 cm. |
||
| 700 | 1 |
_aMerani, Alberto L. _980403 |
|
| 700 | 1 |
_aMerani, María Susana. _980405 |
|
| 852 |
_aES-MaACL _jC-50949 _bR.69422 |
||
| 999 |
_c91354 _d91354 |
||